MARC details
| 000 -CABECERA |
| campo de control de longitud fija |
02726pam a2200433 i 4500 |
| 001 - NÚMERO DE CONTROL |
| campo de control |
991014726379707026 |
| 003 - IDENTIFICADOR DEL NÚMERO DE CONTROL |
| campo de control |
UkOxU |
| 005 - FECHA Y HORA DE LA ÚLTIMA TRANSACCIÓN |
| campo de control |
20250905112155.0 |
| 006 - CÓDIGOS DE INFORMACIÓN DE LONGITUD FIJA--CARACTERÍSTICAS DEL MATERIAL ADICIONAL |
| campo de control de longitud fija |
m || d | |
| 007 - CAMPO FIJO DE DESCRIPCIÓN FÍSICA--INFORMACIÓN GENERAL |
| campo de control de longitud fija |
cr ||||||||||| |
| 008 - DATOS DE LONGITUD FIJA--INFORMACIÓN GENERAL |
| campo de control de longitud fija |
211208t20222022enka o 001|0|eng|d |
| 015 ## - NÚMERO DE BIBLIOGRAFÍA NACIONAL |
| Número de bibliografía nacional |
GBC1K9673 |
| Fuente |
bnb |
| 020 ## - NÚMERO INTERNACIONAL ESTÁNDAR DEL LIBRO |
| Número Internacional Estándar del Libro |
9781292412320 |
| 020 ## - NÚMERO INTERNACIONAL ESTÁNDAR DEL LIBRO |
| Número Internacional Estándar del Libro |
9781292412306 |
| 035 ## - NÚMERO DE CONTROL DEL SISTEMA |
| Número de control de sistema |
022628444-44oxf_inst |
| 035 ## - NÚMERO DE CONTROL DEL SISTEMA |
| Número de control de sistema |
(UkOxU)022628444 |
| 035 ## - NÚMERO DE CONTROL DEL SISTEMA |
| Número de control de sistema |
(Uk)020294541 |
| 037 ## - FUENTE DE ADQUISICIÓN |
| Número de adquisición |
9781292412306 |
| Fuente del número de adquisición |
Pearson UK |
| 040 ## - FUENTE DE LA CATALOGACIÓN |
| Centro catalogador/agencia de origen |
StDuBDS |
| Lengua de catalogación |
eng |
| Normas de descripción |
rda |
| -- |
pn |
| Centro/agencia transcriptor |
StDuBDS |
| Centro/agencia modificador |
Uk |
| 041 ## - CÓDIGO DE LENGUA |
| Código de lengua del texto/banda sonora o título independiente |
English |
| 100 ## - ENTRADA PRINCIPAL--NOMBRE DE PERSONA |
| Nombre de persona |
Miller-Nobles, Tracie L. |
| Término indicativo de función/relación |
author. |
| URI de un objeto del mundo real |
https://isni.org/isni/0000000369856379 |
| 9 (RLIN) |
23789 |
| 245 10 - MENCIÓN DE TÍTULO |
| Título |
Horngren's financial & managerial accounting. |
| Nombre de parte o sección de la obra |
The financial chapters. |
| 246 30 - FORMA VARIANTE DE TÍTULO |
| Título propio/Titulo breve |
Financial & managerial accounting |
| 246 30 - FORMA VARIANTE DE TÍTULO |
| Título propio/Titulo breve |
Financial chapters |
| 250 ## - MENCIÓN DE EDICIÓN |
| Mención de edición |
Seventh edition |
| Resto de la mención de edición |
/ Tracie Miller-Nobles, Brenda Mattison. |
| 250 ## - MENCIÓN DE EDICIÓN |
| Mención de edición |
Global edition. |
| 264 #1 - PRODUCCIÓN, PUBLICACIÓN, DISTRIBUCIÓN, FABRICACIÓN Y COPYRIGHT |
| Producción, publicación, distribución, fabricación y copyright |
Harlow, England : |
| Nombre del de productor, editor, distribuidor, fabricante |
Pearson, |
| Fecha de producción, publicación, distribución, fabricación o copyright |
[2022]. |
| 264 #4 - PRODUCCIÓN, PUBLICACIÓN, DISTRIBUCIÓN, FABRICACIÓN Y COPYRIGHT |
| Fecha de producción, publicación, distribución, fabricación o copyright |
2022 |
| 300 ## - DESCRIPCIÓN FÍSICA |
| Extensión |
1 online resource (964 pages) : |
| Otras características físicas |
illustrations (black and white, and colour). |
| 500 ## - NOTA GENERAL |
| Nota general |
This edition also issued in print: 2022. |
| 500 ## - NOTA GENERAL |
| Nota general |
Academic |
| 520 ## - SUMARIO, ETC. |
| Sumario, etc. |
For courses infinancial and managerial accounting. Expanding onproven success with Horngren's accounting Horngren's Financial and Managerial Accounting, The Financial Chapters presents the core contentof principles of accounting courses in a fresh format designed to help today'slearners succeed. As teachers first, the author team knows the importance ofdelivering a student experience free of obstacles. Their pedagogy and contentuses leading methods in teaching students critical foundational and emergingtopics (e.g., data analytics and employability skills) in the field ofaccounting, and concentrates on improving student results - all tested in classby the authors themselves. With this in mind, the 7thEdition continues to focus on readability and studentcomprehension and takes this a step further by employing a new theme to helpstudents see how accounting is used as a tool to help businesses makedecisions. Also availablewith MyLab Accounting By combiningtrusted author content with digital tools and a flexible platform, MyLabpersonalizes the learning experience and improves results for each student. |
| 650 #0 - PUNTO DE ACCESO ADICIONAL DE MATERIA--TÉRMINO DE MATERIA |
| Término de materia o nombre geográfico como elemento de entrada |
Accounting |
| 9 (RLIN) |
103 |
| 650 #0 - PUNTO DE ACCESO ADICIONAL DE MATERIA--TÉRMINO DE MATERIA |
| Término de materia o nombre geográfico como elemento de entrada |
Managerial accounting |
| 9 (RLIN) |
142 |
| 700 ## - ENTRADA AGREGADA--NOMBRE PERSONAL |
| Nombre de persona |
Mattison, Brenda L |
| Término indicativo de función/relación |
author. |
| URI de un objeto del mundo real |
https://isni.org/isni/0000000377946016 |
| 9 (RLIN) |
22267 |
| 700 ## - ENTRADA AGREGADA--NOMBRE PERSONAL |
| Nombre de persona |
Horngren, Charles T. |
| Fechas asociadas al nombre |
1926-2011 |
| Título de la obra |
Financial & managerial accounting. |
| 856 ## - LOCALIZACIÓN Y ACCESO ELECTRÓNICOS |
| Identificador Uniforme del Recurso |
<a href="https://bibliotheque.tbs-education.fr/Default/doc/SYRACUSE/3386336/horngren-s-financial-managerial-accounting-the-financial-chapters">https://bibliotheque.tbs-education.fr/Default/doc/SYRACUSE/3386336/horngren-s-financial-managerial-accounting-the-financial-chapters</a> |
| 942 ## - ELEMENTOS DE ENTRADA AGREGADA (KOHA) |
| Fuente del sistema de clasificación o colocación |
Clasificación de Library of Congress |